[Event "Mexico City Jose Marti 4th"]
[Site "Mexico City"]
[Date "2013.08.23"]
[Round "5"]
[White "Villanueva Garciacano, Manuel"]
[Black "Beneitez Benet, Javier"]
[Result "1-0"]
[WhiteElo "1918"]
[BlackElo "1664"]
[PlyCount "113"]
[EventDate "2013.08.19"]
[EventType "tourn"]
[EventRounds "5"]
[EventCountry "MEX"]
[SourceTitle "EXT 2018"]
[Source "ChessBase"]
[SourceDate "2017.10.13"]
[SourceVersion "1"]
[SourceVersionDate "2017.10.13"]
[SourceQuality "1"]

1. e4 c5 2. Nf3 Nc6 3. d4 cxd4 4. Nxd4 Nf6 5. Nc3 e5 6. Ndb5 d6 7. Bg5 a6 8. Bxf6 gxf6 9. Na3 b5 10. Nd5 f5 11. c3 Bg7 12. exf5 Bxf5 13. Nc2 0-0 14. Nce3 Be6 15. g3 Rc8 16. a3 Kh8 17. Bg2 f5 18. f4 e4 19. 0-0 Qd7 20. Qd2 Qa7 21. Kh1 Rfd8 22. Bh3 Na5 23. Rad1 Nb3 24. Qe2 Qf7 25. Qc2 Nd4 26. Qb1 Bxd5 27. cxd4 Bc4 28. Bxf5 Bxf1 29. Bxc8 Be2 30. Rc1 Qh5 31. Ng2 Bd3 32. Qa2 Bc4 33. b3 Rxc8 34. bxc4 Rxc4 35. Rf1 d5 36. f5 Rxd4 37. Qf2 Qf3 38. Qe1 Qd3 39. f6 Bf8 40. Nf4 Qd2 41. Ne6 Qxe1 42. Rxe1 Rd3 43. Nxf8 Rf3 44. Nd7 Kg8 45. Rc1 e3 46. Rc8+ Kf7 47. Ne5+ Kxf6 48. Nxf3 Kf5 49. Kg2 Ke4 50. Re8+ Kd3 51. Rd8 Kc4 52. Kf1 Kb3 53. Ra8 Kc3 54. Rxa6 d4 55. Nxd4 Kxd4 56. Ke2 h5 57. Rh6 1-0

[Event "Mexico City Jose Marti 4th"]
[Site "Mexico City"]
[Date "2013.08.22"]
[Round "4"]
[White "Beneitez Benet, Javier"]
[Black "Lopez Raygoza, Luis Alberto"]
[Result "0-1"]
[WhiteElo "1664"]
[BlackElo "2090"]
[PlyCount "92"]
[EventDate "2013.08.19"]
[EventType "tourn"]
[EventRounds "5"]
[EventCountry "MEX"]
[SourceTitle "EXT 2018"]
[Source "ChessBase"]
[SourceDate "2017.10.13"]
[SourceVersion "1"]
[SourceVersionDate "2017.10.13"]
[SourceQuality "1"]

1. e4 c5 2. Nf3 d6 3. d4 cxd4 4. Nxd4 Nf6 5. Nc3 g6 6. Be3 Bg7 7. f3 0-0 8. Qd2 Nc6 9. 0-0-0 Nxd4 10. Bxd4 Be6 11. g4 Qa5 12. Kb1 Rfc8 13. Nd5 Qxd2 14. Nxf6+ Bxf6 15. Rxd2 Bxd4 16. Rxd4 Rc5 17. Rb4 b6 18. Ba6 Bxa2+ 19. Kxa2 Ra5+ 20. Kb3 Rxa6 21. Ra4 Rxa4 22. Kxa4 Rc8 23. c3 Rc5 24. Rd1 h5 25. h3 hxg4 26. hxg4 Kg7 27. Rd4 g5 28. Kb4 Kf6 29. Rd1 Ke5 30. Rh1 Kf4 31. Rh7 Kxf3 32. Rxf7+ Kxg4 33. Rxe7 Kf4 34. Rxa7 g4 35. Rf7+ Kxe4 36. Rg7 Kf4 37. Rd7 g3 38. Rxd6 g2 39. Rd1 Rg5 40. Ka4 g1Q 41. Rxg1 Rxg1 42. Kb5 Rg6 43. b4 Ke5 44. c4 Kd4 45. c5 bxc5 46. bxc5 Rg5 0-1

[Event "Mexico City Jose Marti 4th"]
[Site "Mexico City"]
[Date "2013.08.21"]
[Round "3"]
[White "Torres Lopez Yanez, Carlos David"]
[Black "Beneitez Benet, Javier"]
[Result "1-0"]
[WhiteElo "1903"]
[BlackElo "1664"]
[PlyCount "77"]
[EventDate "2013.08.19"]
[EventType "tourn"]
[EventRounds "5"]
[EventCountry "MEX"]
[SourceTitle "EXT 2018"]
[Source "ChessBase"]
[SourceDate "2017.10.13"]
[SourceVersion "1"]
[SourceVersionDate "2017.10.13"]
[SourceQuality "1"]

1. e4 c5 2. c3 d5 3. exd5 Qxd5 4. d4 Nc6 5. Nf3 Bg4 6. Be2 e6 7. Be3 Nf6 8. dxc5 Qxd1+ 9. Bxd1 Be7 10. b4 a6 11. h3 Bf5 12. 0-0 Bd3 13. Re1 e5 14. Ba4 Bb5 15. Bb3 Bd3 16. Nbd2 a5 17. a3 a4 18. Bc4 e4 19. Nd4 0-0 20. Nxc6 bxc6 21. Bd4 Rfe8 22. Re3 Nd5 23. Rg3 Bf6 24. Bxf6 Nxf6 25. Bxd3 exd3 26. Rxd3 Nd5 27. Kf1 Rad8 28. Re1 g6 29. Ne4 Kg7 30. Nd6 Rxe1+ 31. Kxe1 Rd7 32. c4 Re7+ 33. Kd2 Nf4 34. Rf3 Nxg2 35. b5 cxb5 36. cxb5 Re5 37. c6 Rd5+ 38. Rd3 Rc5 39. c7 1-0